000
00278nam a2200121Ia 4500
005
20251222144849.0
008
251222s9999||||xx |||||||||||||| ||spa||
082
_a
868.6/T35T
100
_a
Corín Tellado
245
0
_a
Te engañas al juzgarme
264
_b
Rollan
942
_c
LIB
999
_c
21539
_d
21539